Pokémon par indices progressifs #01 - Statistiques

Statistiques générales
  • Ce quiz a été pris 144 fois
  • Le résultat moyen est 4 sur 6
Statistiques - réponses
# % Correct
100 Pokémon de la deuxième génération
99%
87 … commençant par une consonne
98%
50 … ayant un A dans son nom
92%
21 ... qui est capable d'évoluer
78%
2 … qui contient 5 lettres ou moins
44%
1 … qui n'est pas de type Feu ! Natu
30%
Aucun quiz correspondant
Distribution des résultats
% des personnes avec chaque résultat
Percentile par nombre de réponses
Votre historique - résultats
Vous n’avez pas pris ce quiz